Bunga kasih

Bibliographic Details
Main Author: Norhayati Berahim
Format: Book
Published: Selangor : NB Kara Sdn. Bhd. , 2006

MARC

LEADER 00000cam a2200000 7i4500
001 0000055962
005 20151201.0
008 151201
020 |a 9789834211578 
020 |a 9834211570 
090 0 0 |a NOR   |b MAL 
100 1 |a Norhayati Berahim 
245 0 0 |a Bunga kasih   |c Norhayati Berahim 
260 |a Selangor :   |b NB Kara Sdn. Bhd. ,   |c 2006 
999 |a 0001064617   |b Book   |c Adult Collection   |e Cawangan Taman Sri Lambak 
999 |a 0001064618   |b Book   |c Adult Collection   |e Cawangan Taman Sri Lambak